Aplicación del análisis de varianza de medidas repetidas en un experimento con metales pesados (Registro nro. 14142)

Detalles MARC
000 -CABECERA
Campo de control 004580000a22001210004500
090 ## - CLASIFICACIÓN LOCAL
Colección AS
Consecutivo Seriadas
041 0# - IDIOMA
Código de idioma para texto/pista de sonido o título separado
100 1# - ASIENTO PRINCIPAL--NOMBRE PERSONAL
Nombre personal Giraldo Henao, Ramón
245 10 - MENCION DE TITULO
Título Aplicación del análisis de varianza de medidas repetidas en un experimento con metales pesados
700 1# - ASIENTO SECUNDARIO - NOMBRE PERSONAL
Nombre personal Campos, Néstor Hernando
773 1# - Item fuente:
Título Revista de la Academia Colombiana de Ciencias Exactas, Fisicas y Naturales
Especificación de materiales 32
Descripción física 81
Paginas del Articulo 467-472
Lugar, editorial y fecha de publicación 1997
Información sobre la relación 21
942 ## - ELEMENTOS ADICIONALES (KOHA)
Tipo de ítem Artículo

No hay ítems disponibles.